000 00861nmc a2200301 a 4500
003 AR-BaBNM
005 20251128211540.0
008 194120s2004 ||||||||||||||000 | spa||
020 _a987-1004-50-8
040 _cAR-BaBNM
100 1 _aMaimone, María del Carmen
245 1 0 _aDidáctica e identidades culturales
_bacerca de la dignidad en el proceso educativo
250 _a1ª ed.
260 _aBuenos Aires
_bStella
_bLa Crujía
_c2004
300 0 _a461 p.
490 0 _aItinerarios
504 _aContiene bibliografía p. 449-461
650 4 _aDIDACTICA
650 4 _aIDENTIDAD CULTURAL
650 4 _aTEORIAS DEL APRENDIZAJE
650 4 _aENSENANZA
650 4 _aRESULTADOS DE INVESTIGACION
650 4 _aACTIVIDADES DE LA CLASE
653 _aINVESTIGACION EDUCATIVA
700 1 _aEdelstein, Paula
942 _cBK
998 _craquel
999 _c20140
_d20140